The funeral: (Record no. 8724)

000 -LEADER
fixed length control field 00524nam a2200181 a 4500
001 - CONTROL NUMBER
control field :::00006502$&:&@@
003 - CONTROL NUMBER IDENTIFIER
control field OkBaRHE
005 - DATE AND TIME OF LATEST TRANSACTION
control field 20000607103331.0
008 - FIXED-LENGTH DATA ELEMENTS--GENERAL INFORMATION
fixed length control field s1966 j 000 0 eng u
040 ## - CATALOGING SOURCE
Transcribing agency
100 1# - MAIN ENTRY--PERSONAL NAME
Personal name Irion, Paul E.
245 14 - TITLE STATEMENT
Title The funeral:
Remainder of title vestige or value?
260 ## - PUBLICATION, DISTRIBUTION, ETC. (IMPRINT)
Place of publication, distribution, etc Nashville, TN., :
Name of publisher, distributor, etc Parthenon Press
Date of publication, distribution, etc c1966
300 ## - PHYSICAL DESCRIPTION
Extent 240 p.
650 ## - SUBJECT ADDED ENTRY--TOPICAL TERM
Topical term or geographic name as entry element Funeral Service
942 ## - ADDED ENTRY ELEMENTS (KOHA)
Source of classification or shelving scheme
Koha item type Books
Copies
Damaged status Withdrawn status Koha item type Price effective from Source of classification or shelving scheme Full call number Lost status Barcode Date last seen Not for loan Shelving location Copy number Date acquired Permanent Location
  Books2010-04-14 BV 199 .F817 65022010-04-14 General Stacks12010-04-14RHEMA Bible Training College